Perchè i giapponesi hanno gli occhi a mandorla /

Kaydedildi:
Detaylı Bibliyografya
Yazar: Ichiguchi, Keiko (Yazar)
Materyal Türü: Kitap
Dil:İtalyanca
Baskı/Yayın Bilgisi: Bologna : Kappa, 2004
Seri Bilgileri:Svaghi
Konular:
Etiketler: Etiketle
Etiket eklenmemiş, İlk siz ekleyin!

MARC

LEADER 00000nam a22000007i 4500
001 IT\ICCU\UBO\2602519
003 ItRI
005 20260115231923.0
008 041213s2004 it |||||| ||||| |||||c
020 |a 8874710550 
040 |b ita  |c importazione bologna sebina 
041 7 |a ita  |2 ISO-639-2 
100 1 |a Ichiguchi, Keiko  |0 IT\ICCU\UBOV\529209  |4 aut 
245 1 0 |a Perchè i giapponesi hanno gli occhi a mandorla /  |c Keiko Ichiguchi. 
260 |a Bologna :  |b Kappa,  |c 2004 
300 |a 158 p. :  |b ill. ;  |c 21 cm. 
650 7 |a Giappone  |x Civiltà  |x Diari e memorie  |2 scbi 
650 7 |a Giappone  |x Usi e costumi  |x Diari e memorie  |2 scbi 
650 7 |a Società  |x Giappone  |x Sec. 20.  |x Diari e memorie  |2 scbi 
830 0 |a Svaghi  |0 IT\ICCU\UBO\1851446 
942 |2 ddc  |c BK  |n 0 
952 |0 0  |1 0  |4 0  |6 DOC_390_095000000000000_ICH  |7 0  |9 16527  |a BO  |b BO  |d 2026-01-15  |i 14079  |l 0  |o DOC 390.095 ICH  |p BO14079  |r 2026-01-15 23:19:23  |w 2026-01-15  |x [Sebina 5] [1 v.]  |y BK  |z 1 v. 
999 |c 14156  |d 14156